000 00872nam a2200229 i 4500
001 29141
003 ES-MaACL
005 20241210140212.0
007 t|
008 030121s1935 sp |||| | spa d
080 _a641.55(083.12)
100 1 _aBardají, Teodoro.
_9162932
245 1 3 _aLa cocina de "ellas"
_b: fórmulas escogidas de cocina práctica, repostería, helados y gastronomía en general /
_cpor Teodoro Bardají Mas ; prólogos de José Mª Pemán, Joaquín Arrarás y Francisco Mullor Fernández.
260 _aMadrid :
_b[s.n.,
_c1935] (
_fImp. Luz y Vida)
300 _aXV, 343 p. ;
_c25 cm.
650 4 _aCocina-
_vRecetas.
_911127
700 1 _aPemán, José María,
_d1897-1981
_990130
700 1 _aArrarás, Joaquín.
_923228
700 1 _aMullor Fernández, Francisco.
_984158
852 _aES-MaACL
_jA-4151
999 _c29141
_d29141